Development land and the right to roam: part I (Record no. 75057)
[ view plain ]
| 000 -LEADER | |
|---|---|
| fixed length control field | 01122cab a2200193 4500 |
| 001 - CONTROL NUMBER | |
| control field | L129307 |
| 008 - FIXED-LENGTH DATA ELEMENTS--GENERAL INFORMATION | |
| fixed length control field | 050408n2005 000 0 eng u |
| 035 ## - SYSTEM CONTROL NUMBER | |
| System control number | (Sirsi) u129307 |
| 041 ## - LANGUAGE CODE | |
| Language code of text/sound track or separate title | eng |
| 100 ## - MAIN ENTRY--PERSONAL NAME | |
| Personal name | Reekie, Peter |
| 245 ## - TITLE STATEMENT | |
| Title | Development land and the right to roam: part I |
| 260 ## - PUBLICATION, DISTRIBUTION, ETC. | |
| Date of publication, distribution, etc. | 2005 |
| 490 ## - SERIES STATEMENT | |
| Series statement | EMIS Property Service |
| Volume/sequential designation | 3(3) March 2005, 6-8(3) |
| 520 ## - SUMMARY, ETC. | |
| Summary, etc. | Developers considering purchasing vacant land now need to consider a further issue in addition to all the other factors potentially affecting development land: the right to roam. Whilst this is not strictly speaking a new right - it was created by the Countryside and Rights of Way Act 2000 - it is only relatively recently that commencement orders have been made to bring areas of the country into the regime and therefore it is only recently that the need to do a right to roam search has begun to be appreciated by practitioners. [Taken from journal abstract]. |
| 590 ## - LOCAL NOTE (RLIN) | |
| Local note | IKA150405 |
| 650 ## - SUBJECT ADDED ENTRY--TOPICAL TERM | |
| Topical term or geographic name entry element | COUNTRYSIDE AND RIGHTS OF WAY ACT 2000 |
| 690 ## - LOCAL SUBJECT ADDED ENTRY--TOPICAL TERM (OCLC, RLIN) | |
| Topical term or geographic name as entry element | PROPERTY-RURAL AND NATURAL ASSETS-RURAL AND NATURAL ASSET DEVELOPMENT |
| 942 ## - ADDED ENTRY ELEMENTS (KOHA) | |
| Suppress in OPAC | 0 |
| Withdrawn status | Lost status | Source of classification or shelving scheme | Damaged status | Not for loan | Home library | Current library | Shelving location | Date acquired | Total Checkouts | Full call number | Barcode | Date last seen | Copy number | Price effective from | Koha item type |
|---|---|---|---|---|---|---|---|---|---|---|---|---|---|---|---|
| Dewey Decimal Classification | London | London | Journal article | 08/04/2005 | L129307 | 129307-1001 | 06/08/2019 | 1 | 06/08/2019 | Journal article |